[Event "Chigorin Memorial Blitz"]
[Site "St Petersburg"]
[Date "2022.10.21"]
[Round "6"]
[White "Solovyov, Viktor"]
[Black "Nikitenko, Mihail"]
[Result "0-1"]
[WhiteElo "2272"]
[BlackElo "2484"]
[PlyCount "113"]
[EventDate "2022.10.21"]
[EventType "swiss (blitz)"]
[EventRounds "11"]
[EventCountry "RUS"]
[SourceTitle "EXT 2024"]
[Source "ChessBase"]
[SourceDate "2023.10.10"]
[SourceVersion "1"]
[SourceVersionDate "2023.10.10"]
[SourceQuality "1"]

1. Nf3 d5 2. d4 Nf6 3. c4 c6 4. Qc2 dxc4 5. Qxc4 Bf5 6. g3 e6 7. Bg2 Nbd7 8. 0-0 Be7 9. Qb3 Qb6 10. Nbd2 0-0 11. Nc4 Qa6 12. Bf4 Rfd8 13. Bc7 Re8 14. Bd6 Nb6 15. Bxe7 Rxe7 16. Rfc1 Rd8 17. e3 Be4 18. Nfe5 Bd5 19. Bf1 Nxc4 20. Bxc4 Qa5 21. Qc2 h6 22. Bd3 Qb6 23. Qc5 Qxc5 24. Rxc5 Be4 25. Be2 Nd7 26. Nxd7 Rexd7 27. Rac1 b6 28. R5c3 c5 29. dxc5 Rd2 30. Kf1 bxc5 31. Rxc5 Rxb2 32. Rc8 Rxc8 33. Rxc8+ Kh7 34. f3 Bg6 35. a4 Ra2 36. Rc4 e5 37. e4 f6 38. Rb4 a5 39. Rc4 Be8 40. Rc8 Bxa4 41. h4 Bb3 42. Rb8 a4 43. h5 Rb2 44. Ra8 Ra2 45. g4 a3 46. Bb5 Bf7 47. Ra7 Rb2 48. Bd7 Bc4+ 49. Ke1 a2 50. Ra8 Rb1+ 51. Kd2 a1Q 52. Bf5+ g6 53. hxg6+ Kg7 54. Rxa1 Rxa1 55. Kc3 Bb5 56. Kb4 Be8 57. Kc5 0-1

[Event "St Petersburg Blitz"]
[Site "St Petersburg"]
[Date "2021.12.12"]
[Round "7"]
[White "Solovyov, Viktor"]
[Black "Epishin, Vladimir"]
[Result "0-1"]
[WhiteElo "2290"]
[BlackElo "2517"]
[PlyCount "72"]
[EventDate "2021.12.12"]
[EventType "tourn (blitz)"]
[EventRounds "21"]
[EventCountry "RUS"]
[EventCategory "11"]
[SourceTitle "CBM 205 Extra"]
[Source "ChessBase"]
[SourceDate "2022.01.31"]
[SourceVersion "1"]
[SourceVersionDate "2022.01.31"]
[SourceQuality "1"]

1. Nf3 Nf6 2. c4 b6 3. g3 Bb7 4. Bg2 e6 5. 0-0 Be7 6. Nc3 0-0 7. d4 Ne4 8. Nxe4 Bxe4 9. Ne1 Bxg2 10. Nxg2 c6 11. e4 d5 12. cxd5 cxd5 13. e5 Nc6 14. Be3 b5 15. Qg4 Re8 16. f4 g6 17. Qe2 Qb6 18. Rad1 f5 19. Kh1 Rac8 20. Rd2 Bb4 21. Rdd1 Bf8 22. Rd2 Ne7 23. Nh4 Rc6 24. g4 Rec8 25. gxf5 exf5 26. Qg2 b4 27. Nf3 b3 28. a3 Rc2 29. Ne1 Rxd2 30. Qxd2 Qb5 31. Rg1 Nc6 32. Qg2 Bxa3 33. Bc1 Nxd4 34. Qd2 Ne2 35. bxa3 Rxc1 36. Rg2 b2 0-1

[Event "St Petersburg Blitz"]
[Site "St Petersburg"]
[Date "2021.12.12"]
[Round "5"]
[White "Solovyov, Viktor"]
[Black "Novik, Maxim"]
[Result "0-1"]
[WhiteElo "2290"]
[BlackElo "2430"]
[PlyCount "72"]
[EventDate "2021.12.12"]
[EventType "tourn (blitz)"]
[EventRounds "21"]
[EventCountry "RUS"]
[EventCategory "11"]
[SourceTitle "CBM 205 Extra"]
[Source "ChessBase"]
[SourceDate "2022.01.31"]
[SourceVersion "1"]
[SourceVersionDate "2022.01.31"]
[SourceQuality "1"]

1. Nf3 Nf6 2. c4 g6 3. Nc3 Bg7 4. e4 d6 5. d4 0-0 6. Be2 e5 7. d5 a5 8. 0-0 Na6 9. Qc2 Qe8 10. g3 Nh5 11. Qd1 Bg4 12. Be3 f5 13. exf5 gxf5 14. Ng5 Bxe2 15. Qxe2 f4 16. Bd2 Nc5 17. Nce4 Nxe4 18. Qxe4 Nf6 19. Qf5 Qh5 20. f3 h6 21. Qe6+ Kh8 22. Ne4 Nxe4 23. fxe4 Rae8 24. Qd7 Qe2 25. Rf2 Qxe4 26. gxf4 exf4 27. Re1 Qg6+ 28. Rg2 Bd4+ 29. Kh1 Rxe1+ 30. Bxe1 Qe4 31. Qe6 Qxe6 32. dxe6 f3 33. Rd2 Be3 34. Rd1 Re8 35. Bc3+ Kh7 36. Rf1 f2 0-1

[Event "St Petersburg Amir Cup Blitz"]
[Site "St Petersburg"]
[Date "2021.05.23"]
[Round "9"]
[White "Solovyov, Viktor"]
[Black "Igudin, Denis"]
[Result "1-0"]
[WhiteElo "2290"]
[BlackElo "1762"]
[PlyCount "67"]
[EventDate "2021.05.23"]
[EventType "swiss (blitz)"]
[EventRounds "11"]
[EventCountry "RUS"]
[SourceTitle "CBM 202 Extra"]
[Source "ChessBase"]
[SourceDate "2021.07.31"]
[SourceVersion "1"]
[SourceVersionDate "2021.07.31"]
[SourceQuality "1"]

1. Nf3 d5 2. d4 Nf6 3. c4 e6 4. g3 Nbd7 5. Bg2 c6 6. Qc2 Bd6 7. 0-0 0-0 8. Nbd2 Re8 9. Rd1 Qe7 10. e4 dxe4 11. Nxe4 Bc7 12. b3 e5 13. Nxf6+ Qxf6 14. Bb2 exd4 15. Bxd4 Qg6 16. Qb2 Nf8 17. Ne5 Qh6 18. h4 Ne6 19. Bc3 Bb6 20. Re1 Qh5 21. Bf3 Qf5 22. Bg4 Qf6 23. Nxc6 Qxf2+ 24. Qxf2 Bxf2+ 25. Kxf2 bxc6 26. Rad1 Kf8 27. Bf3 Bb7 28. Rd7 Rab8 29. Be5 Bc8 30. Rxa7 Rb6 31. c5 Rb7 32. Bd6+ Kg8 33. Ra8 Rd7 34. Bxc6 1-0

[Event "Chigorin Memorial 23rd"]
[Site "St Petersburg"]
[Date "2015.10.11"]
[Round "9"]
[White "Predke, Alexandr"]
[Black "Solovyov, Viktor"]
[Result "1-0"]
[WhiteElo "2527"]
[BlackElo "2312"]
[PlyCount "119"]
[EventDate "2015.10.03"]
[EventType "swiss"]
[EventRounds "9"]
[EventCountry "RUS"]
[SourceTitle "CBM 168 Extra"]
[Source "ChessBase"]
[SourceDate "2015.10.29"]
[SourceVersion "1"]
[SourceVersionDate "2015.10.29"]
[SourceQuality "1"]

1. d4 Nf6 2. c4 e6 3. Nc3 Bb4 4. Nf3 Ne4 5. Qd3 d5 6. g3 0-0 7. Bg2 f5 8. 0-0 c6 9. a3 Be7 10. b4 Nd7 11. Rb1 Qe8 12. b5 Qh5 13. Qc2 Nd6 14. Nd2 Nf6 15. bxc6 bxc6 16. c5 Nde4 17. Ndxe4 fxe4 18. Qa4 Qe8 19. Bf4 Ng4 20. h3 e5 21. dxe5 g5 22. Bxg5 Bxg5 23. hxg4 Bxg4 24. Rb7 Be7 25. Nxe4 dxe4 26. Qxe4 Bc8 27. Rc7 Bf5 28. Qxc6 Qxc6 29. Bxc6 Bd8 30. Bd5+ Kh8 31. Rb7 Rc8 32. c6 Bb6 33. Kg2 Rcd8 34. Bf3 Bc8 35. e6 Bxe6 36. Rh1 Rf7 37. Rh6 Bc4 38. Rh4 Ba2 39. a4 Kg7 40. a5 Bc5 41. Rb5 Bd6 42. Rbh5 Bb1 43. Bd5 Re7 44. e4 Kh8 45. g4 Rf8 46. g5 Rg7 47. f3 Bd3 48. Kf2 Bc5+ 49. Kg3 Be2 50. e5 Rf5 51. c7 Rxc7 52. Be4 Rxe5 53. Bxh7 Kg7 54. Be4 Kf8 55. Rh8+ Ke7 56. R4h7+ Ke6 57. Rxc7 Rxg5+ 58. Kh4 Bd6 59. Rh6+ Ke5 60. Rxd6 1-0

[Event "Chigorin Memorial 23rd"]
[Site "St Petersburg"]
[Date "2015.10.06"]
[Round "4"]
[White "Solovyov, Viktor"]
[Black "Lagashin, Pavel"]
[Result "1-0"]
[WhiteElo "2312"]
[BlackElo "2107"]
[PlyCount "71"]
[EventDate "2015.10.03"]
[EventType "swiss"]
[EventRounds "9"]
[EventCountry "RUS"]
[SourceTitle "CBM 168 Extra"]
[Source "ChessBase"]
[SourceDate "2015.10.29"]
[SourceVersion "1"]
[SourceVersionDate "2015.10.29"]
[SourceQuality "1"]

1. Nf3 Nf6 2. c4 e6 3. g3 a6 4. Bg2 b5 5. b3 c5 6. Nc3 Nc6 7. 0-0 Qa5 8. Re1 Rb8 9. cxb5 axb5 10. Bb2 d5 11. e4 d4 12. Nd5 Nxd5 13. exd5 Nd8 14. a3 Be7 15. b4 Qb6 16. bxc5 Bxc5 17. Rc1 d3 18. Rf1 0-0 19. Qb3 b4 20. axb4 Bxb4 21. Be5 Ra8 22. Rb1 exd5 23. Qxb4 Qxb4 24. Rxb4 Nc6 25. Rb6 Nxe5 26. Nxe5 Be6 27. Nxd3 Ra2 28. Rb2 Rfa8 29. Rfb1 g5 30. Rxa2 Rxa2 31. Rd1 d4 32. Nc5 Bg4 33. f3 Bf5 34. d3 Rc2 35. Ne4 h6 36. Bf1 1-0

[Event "Chigorin Memorial 22nd"]
[Site "St Petersburg"]
[Date "2014.10.22"]
[Round "5"]
[White "Tunik, Gennady"]
[Black "Solovyov, Viktor"]
[Result "1/2-1/2"]
[WhiteElo "2417"]
[BlackElo "2266"]
[PlyCount "95"]
[EventDate "2014.10.18"]
[EventType "swiss"]
[EventRounds "9"]
[EventCountry "RUS"]
[SourceTitle "EXT 2015"]
[Source "ChessBase"]
[SourceDate "2014.11.20"]
[SourceVersion "1"]
[SourceVersionDate "2014.11.20"]
[SourceQuality "1"]

1. d4 Nf6 2. c4 e6 3. Nf3 Bb4+ 4. Bd2 Qe7 5. g3 Nc6 6. Nc3 0-0 7. Bg2 Na5 8. b3 b6 9. 0-0 Bb7 10. Qc2 h6 11. Rfe1 c5 12. e4 cxd4 13. Nxd4 Bc5 14. Nf3 Ng4 15. Nd1 Nc6 16. Ne3 Nxe3 17. Bxe3 d6 18. Rad1 Rad8 19. Qb2 e5 20. Bd2 Nd4 21. Nxd4 Bxd4 22. Bc3 Bxc3 23. Qxc3 Qc7 24. Rd3 Rfe8 25. Bh3 Kf8 26. Bg4 Qc5 27. Qd2 a5 28. h4 Ke7 29. h5 Ra8 30. Bf5 Red8 31. Rb1 Qc7 32. Kg2 Rg8 33. Re1 Rad8 34. a3 Bc6 35. b4 axb4 36. axb4 Ra8 37. f4 f6 38. Rd1 Rgd8 39. Kh3 Be8 40. fxe5 dxe5 41. Qe2 Rxd3 42. Rxd3 Rd8 43. Rxd8 Qxd8 44. Qg4 Kf8 45. Bg6 Bd7 46. Bf5 Be8 47. Bg6 Bd7 48. Bf5 1/2-1/2

[Event "Chigorin Memorial 22nd"]
[Site "St Petersburg"]
[Date "2014.10.19"]
[Round "2"]
[White "Solovyov, Viktor"]
[Black "Airapetian, Gor"]
[Result "1/2-1/2"]
[WhiteElo "2266"]
[BlackElo "2502"]
[PlyCount "139"]
[EventDate "2014.10.18"]
[EventType "swiss"]
[EventRounds "9"]
[EventCountry "RUS"]
[SourceTitle "EXT 2015"]
[Source "ChessBase"]
[SourceDate "2014.11.20"]
[SourceVersion "1"]
[SourceVersionDate "2014.11.20"]
[SourceQuality "1"]

1. Nf3 d5 2. d4 Nf6 3. c4 c6 4. Qc2 dxc4 5. Qxc4 Bf5 6. g3 e6 7. Bg2 Nbd7 8. 0-0 Be7 9. Qb3 Qb6 10. Nbd2 0-0 11. Nc4 Qa6 12. Bf4 Nb6 13. Bd6 Qxc4 14. Qxc4 Nxc4 15. Bxe7 Rfe8 16. Bxf6 gxf6 17. Rfc1 Nb6 18. Nd2 e5 19. dxe5 fxe5 20. Ne4 Bxe4 21. Bxe4 Rad8 22. Kf1 Rd4 23. Bc2 Red8 24. Ke1 Kg7 25. e3 R4d6 26. Rd1 Nc4 27. Rxd6 Rxd6 28. b3 Nb6 29. Rc1 h6 30. Ke2 Kf6 31. Be4 Ke6 32. g4 Nd5 33. h4 f6 34. Bf5+ Ke7 35. a3 Rd8 36. Be4 Ke6 37. Bd3 Ke7 38. b4 Rc8 39. Be4 Nc7 40. Bd3 a6 41. Rg1 Ne6 42. Bf5 Ra8 43. Rb1 Nc7 44. Rd1 Nd5 45. Kf3 Rd8 46. Rc1 Nc7 47. Ke2 a5 48. Bd3 axb4 49. axb4 Ra8 50. b5 e4 51. Bxe4 Nxb5 52. Bd3 Nc7 53. f4 Ne6 54. Bc4 Ra5 55. Bd3 Ra2+ 56. Kf3 Ra3 57. Bc4 Nd4+ 58. Ke4 Nb3 59. Bxb3 Rxb3 60. g5 fxg5 61. fxg5 hxg5 62. hxg5 Ke6 63. Kf4 Rb2 64. Rh1 Rf2+ 65. Ke4 Rg2 66. Rh6+ Kd7 67. Rh7+ Ke6 68. Rh6+ Kd7 69. Rh7+ Ke6 70. Rh6+ 1/2-1/2

[Event "Chigorin Memorial 21st"]
[Site "St Petersburg"]
[Date "2013.10.08"]
[Round "4"]
[White "Solovyov, Viktor"]
[Black "Utkin, Vladimir"]
[Result "1-0"]
[WhiteElo "2298"]
[BlackElo "2025"]
[PlyCount "103"]
[EventDate "2013.10.05"]
[EventType "swiss"]
[EventRounds "9"]
[EventCountry "RUS"]
[SourceTitle "CBM 156 Extra"]
[Source "ChessBase"]
[SourceDate "2013.10.22"]
[SourceVersion "1"]
[SourceVersionDate "2013.10.22"]
[SourceQuality "1"]

1. Nf3 d5 2. d4 Nf6 3. c4 c6 4. Qc2 dxc4 5. Qxc4 Bf5 6. g3 Nbd7 7. Bg2 e6 8. 0-0 Be7 9. Qb3 Qb6 10. Nbd2 0-0 11. Nc4 Qa6 12. Bf4 Ne4 13. Rfd1 Nb6 14. Nfe5 Nxc4 15. Qxc4 Qxc4 16. Nxc4 g5 17. Be3 Rfd8 18. g4 Bg6 19. Ne5 Nd6 20. Rac1 Be4 21. f3 Bg6 22. Bf2 f6 23. Nd3 Bxd3 24. Rxd3 f5 25. e4 f4 26. Bf1 Rd7 27. Rb3 Rad8 28. a4 Rc8 29. Rbc3 Rdc7 30. Be2 Kf7 31. Bd1 Ne8 32. Bb3 Bf6 33. Rc4 Ke7 34. Kg2 Bg7 35. Rb4 Rd7 36. h4 h6 37. Rc2 Rcd8 38. d5 exd5 39. exd5 cxd5 40. Bxa7 Kf7 41. Bb6 Ra8 42. Rb5 Nf6 43. h5 Re8 44. Rd2 Re1 45. Bf2 Rc1 46. Bd4 Bf8 47. Bc3 Be7 48. Rb6 Ra1 49. a5 Rc7 50. Bxd5+ Nxd5 51. Rxd5 Bc5 52. Rxh6 1-0

[Event "St Petersburg Summer blitz"]
[Site "St Petersburg"]
[Date "2013.08.28"]
[Round "3"]
[White "Anisimov, Pavel"]
[Black "Solovyov, Viktor"]
[Result "1-0"]
[WhiteElo "2538"]
[BlackElo "2311"]
[PlyCount "79"]
[EventDate "2013.08.28"]
[EventType "swiss (blitz)"]
[EventRounds "13"]
[EventCountry "RUS"]
[SourceTitle "CBM 156 Extra"]
[Source "ChessBase"]
[SourceDate "2013.10.22"]
[SourceVersion "1"]
[SourceVersionDate "2013.10.22"]
[SourceQuality "1"]

1. d4 d5 2. Bg5 Bf5 3. c4 c6 4. Nc3 Qb6 5. Qd2 e6 6. f3 Bb4 7. a3 Bxc3 8. Qxc3 Nd7 9. e3 Ngf6 10. c5 Qd8 11. Ne2 0-0 12. g4 Bg6 13. h4 h6 14. Bf4 h5 15. g5 Ne8 16. Ng3 Nc7 17. Bd6 Re8 18. f4 a6 19. a4 a5 20. Be2 Na6 21. Bxh5 Bxh5 22. Nxh5 Nb4 23. Kf2 b6 24. Rag1 bxc5 25. dxc5 e5 26. f5 d4 27. exd4 exd4 28. Qxd4 Ne5 29. Rh3 Nc2 30. Qc3 Qd7 31. Qxc2 Ra7 32. Re3 Ng6 33. Rxe8+ Qxe8 34. fxg6 fxg6 35. Nf4 Qf7 36. Re1 Ra8 37. b3 Kh7 38. h5 Qd7 39. hxg6+ Kg8 40. Qc4+ 1-0

[Event "St Petersburg Summer blitz"]
[Site "St Petersburg"]
[Date "2013.08.28"]
[Round "12"]
[White "Malakhov, Igor"]
[Black "Solovyov, Viktor"]
[Result "1-0"]
[WhiteElo "2434"]
[BlackElo "2311"]
[PlyCount "61"]
[EventDate "2013.08.28"]
[EventType "swiss (blitz)"]
[EventRounds "13"]
[EventCountry "RUS"]
[SourceTitle "CBM 156 Extra"]
[Source "ChessBase"]
[SourceDate "2013.10.22"]
[SourceVersion "1"]
[SourceVersionDate "2013.10.22"]
[SourceQuality "1"]

1. e4 e5 2. Nf3 Nc6 3. Bb5 a6 4. Ba4 Nf6 5. 0-0 Be7 6. Bxc6 dxc6 7. d3 Bd6 8. Nbd2 Nd7 9. Nc4 c5 10. b3 Qe7 11. Bb2 0-0 12. h3 Re8 13. Ne3 g6 14. Nh2 Nf8 15. Nd5 Qd8 16. Ng4 Bxg4 17. Qxg4 Ne6 18. g3 c6 19. Ne3 h5 20. Qe2 Nd4 21. Bxd4 cxd4 22. Nc4 b5 23. Nxd6 Qxd6 24. f4 exf4 25. Rxf4 Re7 26. Raf1 Rf8 27. Qf2 Kg7 28. Kg2 Re5 29. Rxf7+ Rxf7 30. Qxf7+ Kh6 31. Rf6 1-0

[Event "St Petersburg Summer blitz"]
[Site "St Petersburg"]
[Date "2013.08.28"]
[Round "11"]
[White "Solovyov, Viktor"]
[Black "Popov, Valerij"]
[Result "1/2-1/2"]
[WhiteElo "2311"]
[BlackElo "2548"]
[PlyCount "81"]
[EventDate "2013.08.28"]
[EventType "swiss (blitz)"]
[EventRounds "13"]
[EventCountry "RUS"]
[SourceTitle "CBM 156 Extra"]
[Source "ChessBase"]
[SourceDate "2013.10.22"]
[SourceVersion "1"]
[SourceVersionDate "2013.10.22"]
[SourceQuality "1"]

1. Nf3 d5 2. d4 Nf6 3. c4 c6 4. Qc2 e6 5. g3 dxc4 6. Qxc4 b5 7. Qc2 Bb7 8. Bg2 Nbd7 9. Ne5 Qb6 10. Nxd7 Nxd7 11. Nc3 c5 12. d5 Nf6 13. e4 exd5 14. exd5 b4 15. Na4 Qb5 16. Bg5 Bd6 17. Bxf6 gxf6 18. b3 0-0 19. f4 Rfe8+ 20. Kf2 c4 21. Qxc4 Qa5 22. Rhe1 Rec8 23. Qe4 Bc5+ 24. Nxc5 Rxc5 25. Red1 Rd8 26. Qe2 Bxd5 27. Bxd5 Rcxd5 28. Rxd5 Qxd5 29. Re1 Kg7 30. Qe4 Qc5+ 31. Qe3 Qa5 32. Re2 Rd1 33. Kg2 Qd5+ 34. Kh3 Rd3 35. Qe4 Qxe4 36. Rxe4 a5 37. Re2 Rd1 38. Kg4 Kg6 39. f5+ Kg7 40. Rc2 Ra1 41. Kf4 1/2-1/2

[Event "St Petersburg Summer blitz"]
[Site "St Petersburg"]
[Date "2013.08.28"]
[Round "2"]
[White "Solovyov, Viktor"]
[Black "Stupak, Kirill"]
[Result "1-0"]
[WhiteElo "2311"]
[BlackElo "2492"]
[PlyCount "97"]
[EventDate "2013.08.28"]
[EventType "swiss (blitz)"]
[EventRounds "13"]
[EventCountry "RUS"]
[SourceTitle "CBM 156 Extra"]
[Source "ChessBase"]
[SourceDate "2013.10.22"]
[SourceVersion "1"]
[SourceVersionDate "2013.10.22"]
[SourceQuality "1"]

1. Nf3 c5 2. c4 Nc6 3. e3 Nf6 4. Nc3 g6 5. d4 cxd4 6. exd4 Bg7 7. d5 Nb8 8. Be2 0-0 9. 0-0 d6 10. h3 Nbd7 11. Be3 b6 12. Rc1 Bb7 13. b4 Rc8 14. Qb3 Re8 15. Nd4 Qc7 16. Rfe1 a6 17. f4 Qb8 18. Bf3 Qa8 19. Nc6 e5 20. fxe5 dxe5 21. b5 axb5 22. cxb5 e4 23. Be2 Nc5 24. Bxc5 bxc5 25. Na4 Nd7 26. Kh1 Bf8 27. Nb2 Nb6 28. a4 h5 29. Ra1 Nd7 30. Nc4 Bg7 31. Rac1 Bf8 32. a5 Bxc6 33. dxc6 Ne5 34. Nxe5 Rxe5 35. Bc4 Qxa5 36. Bxf7+ Kg7 37. Bc4 Qb4 38. Qg3 Bd6 39. Qe3 Rf8 40. Red1 Rf6 41. Qe2 e3 42. Rf1 Ref5 43. Rxf5 Rxf5 44. Qd3 Bf4 45. Rb1 Qd2 46. Qd7+ Qxd7 47. cxd7 Bc7 48. b6 Bxb6 49. Rxb6 1-0

[Event "Chigorin Memorial 20th"]
[Site "St Petersburg"]
[Date "2012.11.03"]
[Round "8"]
[White "Solovyov, Viktor"]
[Black "Pershin, Denis"]
[Result "1-0"]
[WhiteElo "2265"]
[BlackElo "2100"]
[PlyCount "133"]
[EventDate "2012.10.27"]
[EventType "swiss"]
[EventRounds "9"]
[EventCountry "RUS"]
[SourceTitle "EXT 2013"]
[Source "ChessBase"]
[SourceDate "2012.11.22"]
[SourceVersion "1"]
[SourceVersionDate "2012.11.22"]
[SourceQuality "1"]

1. Nf3 Nf6 2. c4 g6 3. Nc3 Bg7 4. g3 0-0 5. Bg2 d6 6. 0-0 e5 7. d4 Nfd7 8. e4 Nc6 9. d5 Ne7 10. Ne1 Nb6 11. b3 f5 12. Nd3 f4 13. c5 dxc5 14. Nxc5 g5 15. Ba3 g4 16. Ne6 Bxe6 17. dxe6 f3 18. Qxd8 Rfxd8 19. Bxe7 fxg2 20. Rfd1 Re8 21. Bc5 Rxe6 22. Bxb6 axb6 23. Rd7 Bf8 24. Rxc7 Bc5 25. Kxg2 Rf8 26. Rf1 Ref6 27. Nd1 Rd6 28. b4 Bxb4 29. Ne3 Rd4 30. Nxg4 Rxe4 31. Nh6+ Kh8 32. Rd1 Rd4 33. Rxd4 exd4 34. Nf7+ Kg8 35. Nh6+ Kh8 36. Rd7 Bc5 37. Ng4 h5 38. Ne5 Ra8 39. Kf3 Rxa2 40. Nd3 Rd2 41. Ke4 Re2+ 42. Kf5 Kg8 43. Rd5 Rd2 44. Ke4 Re2+ 45. Kf3 Rd2 46. Nxc5 bxc5 47. Rxc5 h4 48. Rb5 h3 49. Rxb7 d3 50. Rd7 Kf8 51. g4 Ke8 52. Rd4 Kf7 53. Kg3 Kf6 54. f4 Rd1 55. Kxh3 d2 56. Kh4 Kg6 57. Rd6+ Kg7 58. Kg5 Kf7 59. h4 Ke7 60. Rd3 Kf7 61. h5 Kg7 62. Rd7+ Kf8 63. h6 Ke8 64. Rd3 Kf7 65. h7 Kg7 66. Rd7+ Kh8 67. Kg6 1-0

[Event "Chigorin Memorial 20th"]
[Site "St Petersburg"]
[Date "2012.11.02"]
[Round "7"]
[White "Gladyszev, Oleg"]
[Black "Solovyov, Viktor"]
[Result "1-0"]
[WhiteElo "2446"]
[BlackElo "2265"]
[PlyCount "131"]
[EventDate "2012.10.27"]
[EventType "swiss"]
[EventRounds "9"]
[EventCountry "RUS"]
[SourceTitle "EXT 2013"]
[Source "ChessBase"]
[SourceDate "2012.11.22"]
[SourceVersion "1"]
[SourceVersionDate "2012.11.22"]
[SourceQuality "1"]

1. d4 d5 2. c4 e6 3. Nc3 Be7 4. Bf4 Nf6 5. Nf3 0-0 6. e3 Nbd7 7. cxd5 exd5 8. Bd3 Re8 9. Qc2 c6 10. h3 Nf8 11. Bh2 Be6 12. 0-0 N6d7 13. Ne5 f6 14. Nxd7 Qxd7 15. Na4 Bf7 16. Nc5 Bxc5 17. Qxc5 Bg6 18. Bxg6 hxg6 19. b4 Ne6 20. Qc2 Kf7 21. Rab1 a6 22. f3 Nf8 23. Rfe1 Qe6 24. a4 Rac8 25. Qc5 Qd7 26. Bg3 Ne6 27. Qc2 Nf8 28. Qd3 Qe6 29. b5 axb5 30. axb5 c5 31. dxc5 Rxc5 32. Bf2 Rcc8 33. Red1 Red8 34. Rb4 Rd7 35. Rd4 Rcd8 36. Qb3 g5 37. Bg3 g6 38. b6 Kg7 39. Bc7 Ra8 40. e4 Qc6 41. exd5 Qc5 42. Kh1 Ra3 43. Qb2 Rc3 44. R4d2 Rc4 45. Qb3 Kf7 46. Qd3 Kg7 47. Qf1 Rc3 48. Qg1 Qb5 49. Qe1 Qc5 50. d6 Rc2 51. Rxc2 Qxc2 52. Ra1 Qc4 53. Qe3 Qe6 54. Re1 Qf7 55. Qe4 Kg8 56. Qxb7 Rxd6 57. Qc8 Rd7 58. Rc1 Qe6 59. b7 Qe3 60. Bf4 gxf4 61. b8Q Rf7 62. Qc4 g5 63. Qbc7 Qe8 64. Qc8 Qe3 65. Qe4 Qb3 66. Qg6+ 1-0

[Event "St Petersburg Botvinnik Memorial op"]
[Site "St Petersburg"]
[Date "2012.08.28"]
[Round "4"]
[White "Solovyov, Viktor"]
[Black "Bykova, Anastasia"]
[Result "1-0"]
[WhiteElo "2278"]
[BlackElo "2013"]
[PlyCount "125"]
[EventDate "2012.08.25"]
[EventType "swiss"]
[EventRounds "9"]
[EventCountry "RUS"]
[SourceTitle "CBM 150 Extra"]
[Source "ChessBase"]
[SourceDate "2012.10.19"]
[SourceVersion "1"]
[SourceVersionDate "2012.10.19"]
[SourceQuality "1"]

1. c4 c6 2. e4 d5 3. exd5 cxd5 4. d4 Nf6 5. Nc3 e6 6. Nf3 Be7 7. cxd5 Nxd5 8. Bd3 0-0 9. 0-0 Nd7 10. Re1 N7f6 11. a3 b6 12. Bg5 Bb7 13. Bc2 h6 14. Bd2 Rc8 15. Ne5 Qc7 16. Qe2 a6 17. Rec1 Nxc3 18. bxc3 Rfd8 19. Re1 Bd6 20. a4 Bxe5 21. dxe5 Nd7 22. Rad1 Qc4 23. Qe3 Qg4 24. f3 Qc4 25. Qf2 Qc5 26. Be3 Qxc3 27. Rc1 Qa5 28. Rcd1 b5 29. axb5 axb5 30. Bb1 Qb4 31. Qg3 Kf8 32. Rd4 Rc4 33. Rd6 Rc6 34. Rd2 Rc4 35. Red1 Qe7 36. Bb6 Bd5 37. Bxd8 Qxd8 38. Ba2 Nb6 39. Bxc4 Nxc4 40. Re2 Qb8 41. Qe1 b4 42. Rb1 b3 43. Qc3 Qa7+ 44. Kh1 b2 45. Rexb2 Nxb2 46. Qxb2 Kg8 47. Qb8+ Qxb8 48. Rxb8+ Kh7 49. Rf8 Kg6 50. Kg1 f6 51. exf6 gxf6 52. Kf2 Bc4 53. Ke3 Bf1 54. g3 Kf5 55. Rg8 Bh3 56. g4+ Ke5 57. Rh8 f5 58. gxf5 Bxf5 59. Rxh6 Kd6 60. Kf4 Ke7 61. Ke5 Kf7 62. Rf6+ Ke7 63. h4 1-0

[Event "St Petersburg Botvinnik Memorial op"]
[Site "St Petersburg"]
[Date "2012.08.26"]
[Round "2"]
[White "Solovyov, Viktor"]
[Black "Rogozenco, Dorian"]
[Result "0-1"]
[WhiteElo "2278"]
[BlackElo "2504"]
[PlyCount "79"]
[EventDate "2012.08.25"]
[EventType "swiss"]
[EventRounds "9"]
[EventCountry "RUS"]
[SourceTitle "CBM 150 Extra"]
[Source "ChessBase"]
[SourceDate "2012.10.19"]
[SourceVersion "1"]
[SourceVersionDate "2012.10.19"]
[SourceQuality "1"]

1. Nf3 d5 2. d4 Nf6 3. c4 c6 4. Qc2 g6 5. Bf4 Bg7 6. e3 0-0 7. Nc3 c5 8. dxc5 Qa5 9. Rd1 dxc4 10. Bxc4 Qxc5 11. Qe2 Bg4 12. h3 Bxf3 13. gxf3 Nh5 14. Bh2 Qf5 15. Qd3 Qxh3 16. Ke2 Nc6 17. Qd7 Qxd7 18. Rxd7 Bxc3 19. bxc3 Rac8 20. Bb3 b6 21. Rc1 Rfd8 22. Rb7 Nf6 23. Rd1 Rxd1 24. Kxd1 Rd8+ 25. Ke2 Rd7 26. Rxd7 Nxd7 27. Ba4 Ncb8 28. Kd3 a6 29. Kd4 e6 30. c4 h5 31. Bd6 Kg7 32. Bg3 f6 33. e4 g5 34. Bh2 h4 35. Kc3 e5 36. Kb4 Kf7 37. Bxd7 Nxd7 38. a4 Ke6 39. a5 Kd6 40. axb6 0-1